000 00367pam a2200157a 44500
008 230515b1993 xxu||||| |||| 00| 0 eng d
020 _aNULL
041 _aENGL
082 _a621.310684/ WAN.
100 _aWAND- X. & MC DONALD.
245 _aMODERN POWER SYSTEM PLANNING
250 _aN.D.
260 _aNULL
_bMc. G
_c1993
300 _a465 HB
650 _aNULL
999 _c633118
_d633118